| 000 | 00866nam a22002177a 4500 | ||
|---|---|---|---|
| 999 |
_c2764 _d2764 |
||
| 003 | AR-CdUCM | ||
| 008 | 190305b ||||| |||| 00| 0 spa d | ||
| 040 |
_aMUNICIPALIDAD PROVINCIAL DEL CUSCO _cBIBLIOTECA MUNICIPAL DEL CUSCO |
||
| 082 |
_a910 / _bV49 |
||
| 100 |
_aVergara Valenza, Zolio Ladislao _99638 |
||
| 245 | _aTurismología / | ||
| 260 |
_aCusco : _bSonny Graff, _c2012. |
||
| 300 |
_a140 páginas ; _besquemas, tablas, cuadros, fotografías, _c20 cm. |
||
| 505 | _aContenido: Importancia de los niveles, atributos y designaciones semánticas -- Empresas -- Turismo -- Técnicas de Bus -- Técnicas guidisticas -- Mercado laboral y capacitación del personal ... | ||
| 650 |
_aGeografía _9318 |
||
| 650 |
_aTécnicas _9975 |
||
| 650 |
_aTurismo - Cusco _99639 |
||
| 700 |
_aVergara Ugarte, Alexc (coautor) _99640 |
||
| 942 |
_2ddc _cLIBROS |
||
| 945 | _aachl | ||